Países en Cuadrados Aleatorios del Mapa Mundial - Estadísticas

Estadísticas generales
  • Esta prueba ha sido intentada 354 veces
  • La puntuación promedio es 19 de 20
Respuestas en el mapa
Las respuestas están codificadas por una escala verde-roja en el mapa de la prueba según el % correcto abajo.
 
Estadísticas de respuestas
Box % Correcto
Alemania | Eslovaquia | República Checa | Polonia | Ucrania | Moldavia | Rumania | Bulgaria | Grecia | Turquía | Macedonia del Norte | Italia | Ciudad del Vaticano | San Marino | Eslovenia | Austria | Hungría | Croacia | Bosnia y Herzegovina | Albania | Montenegro | Kosovo | Serbia
100%
Argentina | Uruguay | Brasil
100%
Australia
100%
Brasil
100%
Brasil | Paraguay | Argentina | Chile | Bolivia | Perú
100%
Canadá
100%
Canadá | Dinamarca
100%
Canadá | Dinamarca
100%
Chile | Argentina
100%
Chile | Argentina | Reino Unido
100%
China | Taiwán | Corea del Sur | Japón
100%
Cuba | Bahamas | República Dominicana | Haití | Jamaica | Belice | Guatemala | Honduras | El Salvador | Nicaragua | Costa Rica | Colombia | Venezuela | Países Bajos | México
100%
Dinamarca
100%
Egipto | Sudán | Sudán del Sur | Eritrea | Yibuti | Somalia | Etiopía | Arabia Saudita | Yemen
100%
Estados Unidos
100%
Estados Unidos | Bahamas
100%
Estados Unidos | Canadá
100%
Estados Unidos | Canadá
100%
Estados Unidos | Canadá
100%
Estados Unidos | México
100%
India | Bangladés | Myanmar | Tailandia | Laos | China | Vietnam | Camboya
100%
Noruega | Suecia | Finlandia | Rusia
100%
Noruega | Suecia | Finlandia | Rusia | Estonia | Letonia | Lituania | Bielorrusia | Ucrania | Polonia | Dinamarca | Alemania
100%
Perú | Bolivia | Chile | Argentina
100%
Portugal | España | Francia | Andorra | Mónaco | Reino Unido | Italia | Suiza | Liechtenstein | Austria | Alemania | Bélgica | Países Bajos | Luxemburgo
100%
Rusia
100%
Rusia
100%
Rusia | China | Mongolia | Corea del Sur | Corea del Norte
100%
Rusia | Kazajistán
100%
Rusia | Kazajistán | Kirguistán | Tayikistán | Uzbekistán | Afganistán | China | Mongolia
100%
Sudán | Sudán del Sur | Etiopía | Kenia | Uganda | Tanzania | Somalia | República Democrática del Congo
100%
Argelia | Malí | Mauritania | Guinea | Burkina Faso | Ghana | Togo | Benín | Nigeria | Níger
98%
Australia
98%
Australia
98%
Australia | Indonesia | Timor Oriental
98%
Cabo Verde | Marruecos | Mauritania | Malí | Senegal | Gambia | Guinea | Guinea-Bissau
98%
Canadá
98%
Canadá | Dinamarca
98%
Chile | Argentina
98%
Ecuador | Perú | Brasil | Colombia | Bolivia
98%
Estados Unidos
98%
Estados Unidos | Canadá
98%
Guinea | Liberia | Costa de Marfil | Malí | Burkina Faso | Ghana | Togo | Benín | Nigeria | Camerún | Gabón | Santo Tomé y Príncipe | Guinea Ecuatorial
98%
Irán | Turkmenistán | Afganistán | Pakistán | Tayikistán | Uzbekistán | Catar | Arabia Saudita | Emiratos Árabes Unidos | Omán | India
98%
Kenia | Tanzania | Mozambique | Comoras | Madagascar | Malaui | Zambia | Francia
98%
Malaui | Mozambique | Madagascar | Zimbabue | Suazilandia | Sudáfrica
98%
México | Guatemala | El Salvador | Belice
98%
República Dominicana | Estados Unidos | Granada | Trinidad y Tobago | Antigua y Barbuda | San Cristóbal y Nieves | San Vicente y las Granadinas | Barbados | Venezuela | Países Bajos | Francia | Santa Lucía | Dominica
98%
Rusia | China
98%
Rusia | China | Japón
98%
Rusia | Finlandia | Bielorrusia | Ucrania | Kazajistán
98%
Rusia | Kazajistán | Turkmenistán | Tayikistán | Uzbekistán | Irán | Kirguistán | Afganistán
98%
Túnez | Italia | Malta | Grecia | Turquía | Egipto | Libia | Argelia
98%
Brasil | Bolivia | Perú
97%
Canadá
97%
China | Bután | Bangladés | India | Myanmar
97%
Colombia | Venezuela | Brasil | Guyana | Francia | Trinidad y Tobago | Surinam
97%
Costa Rica | Panamá | Colombia | Venezuela | Brasil | Perú | Ecuador | Nicaragua
97%
España | Portugal | Marruecos | Mauritania | Argelia | Túnez | Malí | Libia
97%
Estados Unidos | Canadá
97%
Estados Unidos | México
97%
India | Bangladés
97%
Irlanda | Reino Unido | Bélgica | Países Bajos | Alemania | Dinamarca | Noruega
97%
Islandia | Irlanda
97%
Marruecos | Mauritania | España
97%
Namibia | Angola | Zambia | Zimbabue | Sudáfrica | Lesoto | Botsuana
97%
Rusia
97%
Rusia
97%
Rusia
97%
Rusia | China | Mongolia
97%
Sudáfrica | Lesoto
97%
Australia
96%
Canadá
96%
Kiribati | Tuvalu | Samoa | Fiyi
96%
Rusia
96%
Rusia
96%
Rusia
96%
Rusia | Mongolia
96%
Australia | Indonesia | Papúa Nueva Guinea
95%
China | Taiwán | Filipinas
95%
Libia | Egipto | Sudán | Chad | Nigeria | Níger | Camerún | Argelia | República Centroafricana
95%
República del Congo | República Democrática del Congo | Burundi | Ruanda | Tanzania | Angola | Zambia | Zimbabue | Mozambique | Gabón
95%
Rusia
95%
Rusia | Kazajistán
95%
Sudán | Sudán del Sur | República Democrática del Congo | República del Congo | Ruanda | Uganda | República Centroafricana | Chad | Camerún | Nigeria | Gabón | Guinea Ecuatorial | Burundi | Tanzania
95%
Ucrania | Rusia | Armenia | Georgia | Azerbaiyán | Turquía | Irán | Kazajistán
95%
Vietnam | Camboya | Myanmar | Malasia | Tailandia | Singapur | Indonesia
95%
Arabia Saudita | Emiratos Árabes Unidos | Omán | Yemen | India | Pakistán
94%
Canadá
94%
Dinamarca | Islandia
94%
Estados Unidos | Canadá
94%
Japón
94%
Rusia
94%
Brasil
93%
Tayikistán | Pakistán | Afganistán | India | China | Nepal | Bangladés | Bután
93%
Turquía | Siria | Chipre | Egipto | Israel | Líbano | Jordania | Arabia Saudita | Kuwait | Irak | Irán | Baréin | Catar
93%
Australia
92%
Palaos | Estados Federados de Micronesia | Indonesia
92%
Rusia
92%
Australia
91%
Dinamarca
91%
Filipinas | Brunéi | Malasia | Indonesia
91%
Indonesia
91%
Nueva Zelanda
91%
Estados Unidos
90%
Nueva Zelanda
90%
Estados Federados de Micronesia | Nauru | Islas Marshall | Kiribati
89%
Papúa Nueva Guinea | Islas Salomón | Vanuatu
89%
Australia | Vanuatu | Francia
88%
India | Sri Lanka | Maldivas
88%
Brasil
87%
Guinea | Sierra Leona | Liberia
86%
Nueva Zelanda
86%
Seychelles
86%
Ecuador
80%
Mauricio | Francia
80%
Kiribati
79%
Kiribati | Islas Marshall
77%
Fiyi | Tonga
73%
Kiribati
67%
Islas Marshall
63%
Portugal
60%
Islas Marshall
53%
No se encontraron pruebas coincidentes
Distribución de puntuación
Porcentaje de gente con cada puntuación
Porcentaje por número respondido
Historial de tus puntuaciones
No has intentado esta prueba.